[Event "Bunratty Masters 2015"]
[Site "Bunratty IRL"]
[Date "2015.02.22"]
[Round "6.22"]
[White "Rawlinson, Aidan M"]
[Black "Wolferink, Frans"]
[Result "1-0"]
[WhiteElo "2182"]
[BlackElo "2084"]
[WhiteFideId "413496"]
[BlackFideId "1003917"]
[EventDate "2015.02.20"]

1. d4 g6 2. c4 Nf6 3. g3 Bg7 4. Bg2 d5 5. cxd5 Nxd5 6. Nc3 Nb6 7. Nf3 Nc6 8. e3
O-O 9. O-O a5 10. b3 Re8 11. Bb2 e5 12. Nxe5 Nxe5 13. dxe5 Bxe5 14. Qe2 c6 15.
Ne4 Qe7 16. Rad1 Nd5 17. Bxe5 Qxe5 18. f4 Qe7 19. Qb2 Bf5 20. Rxd5 Bxe4 21. Re5
Qb4 22. Bxe4 Rxe5 23. Qxe5 Qd2 24. Qd4 Qxa2 25. Qd3 a4 26. bxa4 Rxa4 27. f5 Ra6
28. fxg6 hxg6 29. Bxg6 fxg6 30. Qxg6+ Kh8 31. Rf7 1-0